| 000 | 00506cam a2200157 4500500 | ||
|---|---|---|---|
| 005 | 20260329003408.0 | ||
| 041 | _afre | ||
| 042 | _adc | ||
| 100 | 1 | 0 |
_aPersonne, Thomas _eauthor |
| 245 | 0 | 0 | _aCours de philosophie en six heures un quart |
| 260 | _c2015. | ||
| 500 | _a48 | ||
| 690 | _aWitold Gombrowicz | ||
| 786 | 0 | _nPhilosophie magazine | 91 | 8 | 2015-07-01 | p. 69-69 | 1951-1787 | |
| 856 | 4 | 1 | _uhttps://shs.cairn.info/magazine-philosophie-magazine-2015-8-page-69?lang=fr&redirect-ssocas=7080 |
| 999 |
_c1824222 _d1824222 |
||